La misère est si belle PNL - Statistiques

Statistiques générales
  • Ce quiz a été pris 359 fois
  • Le résultat moyen est 272 sur 500
Statistiques - réponses
Hint Réponse % Correct
la
100%
comme
92%
de
92%
me
92%
ce
90%
a
89%
pas
88%
d'hab
87%
du
87%
Couplet 2 (N.O.S) Le
87%
le
87%
pour
87%
si
87%
triste
87%
bien
86%
Couplet 1 (Ademo) j'suis
86%
peine
86%
c'est
85%
cest
85%
fait
85%
reflechir
85%
est
84%
melodie
84%
les
83%
plus
83%
gucci
81%
ma
80%
vetir
80%
belle
79%
en
79%
j'pense
78%
misere
78%
qui
78%
fuck
77%
je
77%
par
77%
mais
75%
no
75%
des
74%
faire
74%
couilles
73%
mer
73%
que
73%
quoi
73%
beau
72%
j'reve
71%
annees
70%
galere
70%
j'm'habille
70%
mon
70%
pourquoi
70%
sur
70%
dans
69%
passent
69%
toujours
69%
bon
68%
cette
68%
eu
68%
foi
68%
vie
68%
y'a
68%
maison
67%
se
67%
un
67%
et
66%
moments
66%
on
66%
plaire
66%
bons
65%
moi
65%
parfois
65%
s'en
65%
ca
63%
bats
62%
ou
62%
une
62%
rien
61%
tu
61%
miroir
60%
peu
60%
beaucoup
59%
jai
59%
j'ai
59%
au
58%
j'me
58%
moins
57%
Tarik
57%
tout
57%
j'le
56%
va
56%
jour
55%
sont
55%
trouve
55%
mes
54%
d'etre
53%
Faut
53%
faut
53%
qu'il
53%
sourire
53%
demons
52%
encules
52%
faux
52%
noirs
52%
oh
52%
dieu
51%
dis
51%
geush
51%
normal
51%
regard
51%
savoir
51%
tepu
51%
brulantes
50%
comment
50%
dit
50%
juste
50%
larmes
50%
malheureux
50%
sortir
50%
tot
50%
viendra
50%
igo
49%
j'vois
49%
pauvre
49%
solitude
49%
verra
49%
deux
48%
Refrain Hey
48%
peureux
48%
soir
48%
trousse
48%
vivra
48%
aussi
47%
devenu
47%
heures
47%
j'fume
47%
toi
47%
vide
47%
vite
47%
connais
46%
j'dors
46%
torse-nu
46%
etre
45%
fond
44%
ils
44%
peut-etre
44%
s'installent
44%
t'facon
44%
tourne
44%
veut
44%
accompagne
43%
d'amour
43%
j'sors
43%
l'tiroir
43%
tienne
43%
tous
43%
partouze
42%
roue
42%
connaissent
41%
croire
41%
dire
41%
khey
41%
laisse
41%
savaient
41%
wow
41%
comporte
40%
c'que
40%
ne
40%
qu'ils
40%
decides
39%
j'attends
39%
no panic
39%
nous
39%
qu'ceux
39%
d'ces
38%
serait
38%
vecu
38%
j'les
37%
recit
37%
facile
36%
fille
35%
ouais
34%
ceux
33%
d'poissard
32%
j'la
31%
parce
30%
ville
30%
haine
29%
j'croyais
26%
sais
26%
depuis
25%
rue
25%
avant
24%
j'aime
24%
avec
23%
gens
23%
j'loublierais
23%
j'traine
23%
peter
23%
ressemblent
23%
sombre
23%
temps
23%
billets
22%
n'est
22%
gyro
21%
pire
21%
pret
21%
qu'j'l'ai
21%
veux
21%
accepter
20%
amour
20%
craint
20%
d'ou
20%
j'laime
20%
5 mots la misère est si belle
20%
vent
20%
500
19%
cote
19%
envie
19%
garde
19%
merde
19%
meurt
19%
rejoins
19%
street
19%
verite
19%
j'te
18%
l'amour
18%
quelques
18%
qu'est
18%
22
17%
baises
17%
cagoule
17%
coeur
17%
couleur
17%
d'gouter
17%
foule
17%
l'sourire
17%
lumiere
17%
meme
17%
tatoue
17%
barre
16%
j'ten
16%
loins
16%
nan
16%
nos
16%
rassemblent
16%
comprennent
15%
d'l'illicite
15%
douleur
15%
j'partage
15%
lecon
15%
mordu
15%
perds
15%
quittes
15%
tté-qui
15%
feats
14%
ferais
14%
incompris
14%
l'hamecon
14%
veulent
14%
d'espagne
13%
d'sa
13%
education
13%
grammes
13%
sombres
13%
aller
12%
coins
12%
drogue
12%
ettoufe
12%
fours
12%
graine
12%
maintenant
12%
remonter
12%
terre
12%
tours
12%
j'abandonnerais
11%
pirate
11%
tarifs
11%
j'etais
10%
meilleurs
10%
mieux
10%
recite
10%
reprendre
10%
journees
9%
l'on
9%
oceans
9%
vient
9%
ames
8%
2 mots de GAG
8%
en alles
8%
qu'jquitte
8%
rats
8%
sait
8%
sans
8%
j'fais
7%
question
7%
aucune
6%
l'homme
6%
tordra
6%
monnaie
5%
ressemblaient
5%
sommes
5%
j'cherche
4%
reponse
3%
3 mots de mon bat C
1%
Aucun quiz correspondant
Distribution des résultats
% des personnes avec chaque résultat
Percentile par nombre de réponses
Votre historique - résultats
Vous n’avez pas pris ce quiz